Quizzes
Events
Quiz Creation
Community
Videos
Private Events
Remove Ads
Sign In
Join for FREE
Feedback
Dark Mode
Quiz Categories
Sports
Geography
Music
Movies
Television
Just For Fun
Miscellaneous
History
Literature
Language
Science
Gaming
Entertainment
Religion
Holiday
For Kids
Quiz Lab
Recent
Popular Today
Quiz Kudos Today
Editor Picks
Curator Picks
Quizzes by...
Day
Popularity
Type
Ratings
Length
Year
Community
Subscriptions
Recent Discussions
Orange Saloon
Badges
Playlists
Quests
Create
Leaderboards
Showdown
Live 5
Trivia Bingo
Activity
Puzzle Library
Sporcle Events
Private Events
Virtual Trivia
Globe League
Become a Host
Pub Owners
SporcleCon
Opinionation
Our Games
Videos
Blog
Mobile Apps
Partnerships
Remove Ads and Go Orange
Feedback
History
US Presidents
World Leaders
Politics
Nation
Discovery
War
Decade
Year
Century
Biography
Art
History
US Presidents
World Leaders
Politics
Nation
Discovery
War
Decade
Year
Century
Biography
Art
Random Quiz
Search Sporcle
×
Quiz Lab
Quiz Lab
History
November
Type in answers that appear in a list
Type in answers that appear in a list
Classic
Best Score? Go Orange.
9th November Stats
Can you name the most important Events of the 9th November in German History?
By
Lifeeriksson90
10m
18 Questions
64 Plays
64 Plays
64 Plays
Comments
Comments
Give Quiz Kudos
Give Quiz Kudos
-
- Ratings
hide this ad
Replay
Link that replays current quiz
Next Quiz
Link to next quiz in quiz playlist
You Got
0%
They Got
Avg Score
11%
Avg Friend Score
Upgrade to see
Score Distribution
Jump to the score distribution portion of the page
Score
0/18
Timer
10:00
0
Plays Today
Year
Event
% Correct
1989
Fall of the Berlin Wall
75%
1938
Reichskristallnacht
35.9%
1923
Hitler's Beer Hall Putsch
18.8%
2007
Vorratsdatenspeicherung Act
14.1%
1848
Execution of Robert Blum
12.5%
1313
Gammelsdorf Battle
12.5%
1936
Destruction of the Felix Mendelssohn Bartholdy Statue at Leipzig
12.5%
1974
Death of Holger Meins
10.9%
1918
Proclamaition of German Republic
7.8%
Year
Event
% Correct
1925
Foundation of SS
7.8%
1967
Hamburg University Rector says 'Unter den Talaren - Muff von 1000' Jahren
6.3%
1897
Foundation of the German Caritas
4.7%
2006
Opening of the new Synagogue in Munich
4.4%
1953
Opening of Germany's first Pedestrian Road in Treppenstraße, Kassel
3.1%
1977
Kindnapping of Walter Palmers
3.1%
1955
Loss of German Civil Rights given 1938-1945 to Austrians
2.2%
1939
Venlo-Incident
2.2%
2001
Anti-Terror-Paket Act
0%
Quiz Playlist
Details
Report
Send in Message
Add To Playlist
Classic:
Type in answers that appear in a list
Last Updated: Feb 16, 2017
Quiz Scoreboard
CHALLENGE
Sign Up to Join the Scoreboard
Show All
Scores
Hide
Comments
May contain spoilers
Recently Published
9x9 Crossword: Cartoon Network
by jackfrog10
Miscellaneous
3m
College Basketball Coaching Resumes
by pancakes188
Sports
9m
Billboard Blitz: Fleetwood Mac
by CooCooCachoo
Music
15s
More to Explore
Quiz From the Vault
Featured Blog Post
Where Did the Easter Bunny Come From?
hide this ad
You Might Also Like...
Tags
9th
Event
November
Today's Top Quizzes in History
Browse History
hide this ad
Today's Top Quizzes in November
Browse November
Top Contributed Quizzes in History
1
Popular People in 1991
2
Popular People in 1981
3
Popular People in 1951
4
Popular People in 1941
5
Popular People in 1986
6
Popular People in 1976
7
Popular People in 1921
8
5-to-1: 20th Century Images of War
9
I Am Born On March 28th
10
Popular People in 1946
Explore More
Trending Topics
Anime
Crossword
Marvel
Harry Potter
Kpop
NBA
Disney
Country
Song
The Office
Pokémon
Soccer
NFL
Puzzle
WWE
hide this ad
More By:
Lifeeriksson90
Quiz
Plays
Rating
Category
Featured
Created
Historicial List of German Towns
2,746
3.54
Geography
Nov 25, 2010
All Large Cities in Germany
325
1.38
Geography
Nov 1, 2010
German cities A-Z
297
4.40
Geography
Nov 26, 2010
Million Inhabitants Capital Countries
88
1.33
Geography
Nov 11, 2013
Cities in Saarland
70
2.50
Geography
Nov 3, 2010
Go to Creator's Profile
Score Distribution
Quiz Creator Spotlight
Lifeeriksson90
Follow
Send a Message
Quizzes Created
-
Created Quiz Play Count
-
More By This Creator
Popular Quizzes Today
1
Find the US States - No Outlines Minefield
2
Find the Countries of Europe - No Outlines Minefield
3
The Countries of the World
4
Find the US States
5
Risky Map Clicking: Biggest States A-Z
6
US States
7
Popular People in 1961
8
Movies - When Are They Set?
More History Quizzes
On This Day: January 28th
Published
Trending Quizzes
Risky Map Clicking: Least Populous States A-Z
1-10 Letter G Words
1-10 Letter F Words
Risky Map Clicking: Next State Alphabetically
Adjectives in 80s TV Shows
Recently Updated
Leaping Animals
pecheneg
Reality TV Shows (A-Z)
bhenderson79
Rickey Henderson's Hall of Fame Teammates
pecheneg
Champions League XIs: Arsenal
pecheneg
Quick Pick: Celebrities in WWE's Hall of Fame
aduchscher
A-Z Keypad Blitz II
pecheneg
Multiple Oscar Actors
pecheneg
Mystery Phrase Blitz: Oscar 'Best Actors'
pecheneg
F. Scott Fitzgerald Novels
LTH
Pick 3 Villains
ddd62291
Trending Topics
NBA
Anime
Marvel
Crossword
Disney
Kpop
Harry Potter
Song
Country
Soccer
WWE
NFL
Pokémon
Puzzle
The Office
Your Account Isn't Verified!
In order to create a playlist on Sporcle, you need to verify the email address you used during registration. Go to your
Sporcle Settings
to finish the process.
Report this User
Report this user for behavior that violates our
Community Guidelines
.
Details:
Send Report
Go to the Sporcle.com Mobile Site →
Comments